| 000 | 00472nam a22001697a 4500 | ||
|---|---|---|---|
| 005 | 20250828144918.0 | ||
| 008 | 250828b |||||||| |||| 00| 0 eng d | ||
| 020 | _a978-81-975310-3-3 | ||
| 041 | _aEng | ||
| 082 | _aB 612.015 KAU DB1395 | ||
| 100 |
_aKaur Amandeep _9180620 |
||
| 245 | _aTextbook of Applied Biochemistry for BSc Nursing Students | ||
| 260 |
_aMohali _bVision Health Sciences Publishers _c2025 |
||
| 300 | _a220p | ||
| 365 | _bRs.495.00 | ||
| 942 | _cDB | ||
| 999 |
_c367547 _d367547 |
||